[Event "Bethune op-B 25th"]
[Site "Bethune"]
[Date "2004.12.28"]
[Round "4"]
[White "Mieloch, Julien"]
[Black "Coupez, Stephane"]
[Result "1/2-1/2"]
[WhiteElo "1499"]
[BlackElo "1730"]
[PlyCount "82"]
[EventDate "2004.12.26"]
[EventType "swiss"]
[EventRounds "7"]
[EventCountry "FRA"]
[SourceTitle "EXT 2006"]
[Source "ChessBase"]
[SourceDate "2005.11.24"]
[SourceVersion "1"]
[SourceVersionDate "2005.11.24"]
[SourceQuality "1"]

1. d4 Nf6 2. Nc3 g6 3. e4 d6 4. Nf3 Bg7 5. Bc4 0-0 6. 0-0 a6 7. Re1 b5 8. Bb3 Bb7 9. e5 dxe5 10. Nxe5 e6 11. Bg5 Nc6 12. Nxc6 Bxc6 13. Qd2 Qd7 14. f3 Rac8 15. Rad1 Nd5 16. Ne4 Bb7 17. Bh6 c6 18. Bxg7 Kxg7 19. Nc5 Qe7 20. Bxd5 cxd5 21. Qa5 Rc6 22. a4 bxa4 23. Qxa4 Rfc8 24. Rd3 Rb6 25. Rb3 Rcc6 26. Ree3 Bc8 27. Rxb6 Rxb6 28. Rb3 Qd6 29. Rxb6 Qxb6 30. b4 h6 31. Qb3 Qb5 32. Qa4 Qe2 33. h3 Qe3+ 34. Kf1 Qxd4 35. Qc6 Qd1+ 36. Kf2 Qd2+ 37. Kg3 Qg5+ 38. Kf2 Qd2+ 39. Kg1 Qc1+ 40. Kh2 Qf4+ 41. Kg1 Qc1+ 1/2-1/2